[Event "Open Semana Santa 2023"]
[Site "?"]
[Date "2023.04.07"]
[Round "4.177"]
[White "Casao Benedi, Luis"]
[Black "Srivatsan Karthikeyan"]
[Result "0-1"]
[WhiteElo "1440"]
[BlackElo "1777"]
[PlyCount "82"]

1. d4 Nf6 2. Bf4 e6 3. e3 c5 4. c3 Nc6 5. Nd2 d5 6. Ngf3 Bd6 7. Ne5 Qc7 8. Ndf3
Ne4 9. Be2 f6 10. Nd3 e5 11. dxe5 fxe5 12. Bg5 h6 13. Bh4 g5 14. Bg3 Nxg3 15.
hxg3 e4 16. Nxg5 exd3 17. Bh5+ Kf8 18. Qf3+ Kg7 19. Qf7+ Qxf7 20. Nxf7 Rd8 21.
Nxd8 Nxd8 22. Kd2 c4 23. Bf3 Be6 24. Rh5 Bf7 25. Rh2 Nc6 26. Rah1 Rh8 27. Bh5
Be6 28. f4 b5 29. Bf3 b4 30. g4 bxc3+ 31. bxc3 Ne7 32. g5 Rb8 33. Bd1 Rb2+ 34.
Ke1 hxg5 35. Rh7+ Kf8 36. R7h6 Kf7 37. Bh5+ Ng6 38. Bxg6+ Kg7 39. Be8 d2+ 40.
Kf2 d1=Q+ 41. Kg3 Qg4+ 0-1

[Event "Open Semana Santa 2023"]
[Site "?"]
[Date "2023.04.07"]
[Round "4.178"]
[White "Verbytski, Oleg"]
[Black "Franch Moreno, Marcelo"]
[Result "1-0"]
[WhiteElo "1774"]
[BlackElo "1461"]
[PlyCount "87"]

1. e4 e5 2. Nf3 Nc6 3. Bc4 Bc5 4. d3 Nf6 5. c3 a6 6. b4 Ba7 7. Bg5 O-O 8. O-O
d6 9. h3 h6 10. Bh4 Be6 11. Bb3 Qe7 12. Na3 Bxb3 13. Qxb3 g5 14. Bg3 Nh5 15.
Bh2 b5 16. Nc2 Qe6 17. Ne3 Nf4 18. Bxf4 gxf4 19. Nd5 Rac8 20. a4 Kh8 21. axb5
Rg8 22. Kh2 axb5 23. Qb2 Qg6 24. Rg1 Qh5 25. Nf6 Qg6 26. Nxg8 Rxg8 27. Nh4 Qg5
28. Nf5 Bb6 29. Qe2 h5 30. Qf3 Kh7 31. Ra2 h4 32. Qg4 Qxg4 33. hxg4 Rxg4 34.
Rga1 Nd8 35. f3 Rg6 36. Ra8 Ne6 37. Rc8 h3 38. Kxh3 Rg5 39. Raa8 Rh5+ 40. Kg4
Rg5+ 41. Kh4 Bf2+ 42. g3 fxg3 43. Rh8+ Kg6 44. Rh6# 1-0

[Event "Open Semana Santa 2023"]
[Site "?"]
[Date "2023.04.07"]
[Round "4.179"]
[White "Garrido Silos, Pablo"]
[Black "Gil Bayo, Daniel"]
[Result "1-0"]
[WhiteElo "1769"]
[BlackElo "1433"]
[PlyCount "45"]

1. c4 Nf6 2. Nc3 g6 3. g3 c6 4. Bg2 d5 5. d4 Bg7 6. Nf3 dxc4 7. Ne5 Be6 8. e4
Nbd7 9. Nxd7 Qxd7 10. O-O Bh3 11. e5 Bxg2 12. exf6 Bxf6 13. Kxg2 Qxd4 14. Qe2
b5 15. Qf3 Rc8 16. Be3 Qd7 17. Rad1 Qf5 18. Qxf5 gxf5 19. Bxa7 Bxc3 20. bxc3 f6
21. Rfe1 Kf7 22. Rd7 Ra8 23. Rexe7+ 1-0

[Event "Open Semana Santa 2023"]
[Site "?"]
[Date "2023.04.07"]
[Round "4.180"]
[White "Prieto Sanchez, Manuel"]
[Black "Perea Fruet, Federico"]
[Result "0-1"]
[WhiteElo "1430"]
[BlackElo "1766"]
[PlyCount "132"]

1. e4 c6 2. Nf3 d5 3. Nc3 Nf6 4. exd5 cxd5 5. d4 Nc6 6. Be2 a6 7. O-O Bf5 8. a3
e6 9. Bf4 Bd6 10. Bxd6 Qxd6 11. h3 O-O 12. Bd3 Bxd3 13. Qxd3 b5 14. Rfe1 Rac8
15. Rac1 Na5 16. Nd2 Rfd8 17. Ne2 Rc6 18. c3 Nc4 19. Nxc4 bxc4 20. Qe3 Rb8 21.
Rc2 Rcb6 22. Rb1 Rb3 23. Qc1 Qb6 24. f3 h6 25. Kf2 a5 26. Ng3 Rxa3 27. bxa3
Qxb1 28. Qxb1 Rxb1 29. Ra2 Rb3 30. Ne2 Ne8 31. Ke3 Nd6 32. a4 Kf8 33. g3 g5 34.
Kd2 Nf5 35. Nc1 Rb8 36. Ne2 Rb1 37. g4 Nh4 38. Ke3 Rf1 39. Rb2 Ra1 40. Rb7 Kg7
41. f4 Ng2+ 42. Kf3 Nxf4 43. Nxf4 gxf4 44. Kxf4 Rxa4 45. Rb2 Ra1 46. Rc2 a4 47.
Kg3 a3 48. Kh4 Rb1 49. Ra2 Rb3 50. Rc2 Rb2 51. Rc1 a2 52. Ra1 Rc2 53. Kh5 Rxc3
54. h4 Rc2 55. g5 hxg5 56. Kxg5 c3 57. h5 Rg2+ 58. Kh4 Rb2 59. Rg1+ Kh7 60. Rf1
f5 61. Re1 Rb1 62. Rxe6 a1=Q 63. Re7+ Kg8 64. Re8+ Kf7 65. Re3 Rh1+ 66. Kg5
Qg1+ 0-1

[Event "Open Semana Santa 2023"]
[Site "?"]
[Date "2023.04.07"]
[Round "4.181"]
[White "Aracil Martinez, Arnau"]
[Black "Sanchez Peral, Pedro"]
[Result "0-1"]
[WhiteElo "1421"]
[BlackElo "1761"]
[PlyCount "140"]

1. e4 c5 2. Nf3 e6 3. d4 cxd4 4. Nxd4 a6 5. Nc3 Qc7 6. Be2 Nc6 7. O-O b5 8. a3
Bb7 9. Re1 Nf6 10. Be3 Rc8 11. Rc1 d6 12. f3 Be7 13. Bf2 O-O 14. Bf1 Rfd8 15.
Nce2 d5 16. e5 Nxe5 17. c3 Nc4 18. Qc2 Bd6 19. Ng3 Bf4 20. Ra1 Re8 21. b3 Nd6
22. Nde2 Bh6 23. Rad1 g6 24. Rd3 Nd7 25. Be3 Bg7 26. Red1 e5 27. Kh1 Nc5 28.
R3d2 Ne6 29. Ne4 dxe4 30. Rxd6 exf3 31. gxf3 Bxf3+ 32. Bg2 Bxe2 33. Qxe2 Qxc3
34. Bd5 Nf4 35. Qf2 Nxd5 36. R6xd5 Qxb3 37. Rd7 Rc2 38. Qf3 Rc3 39. Rd8 Rc8 40.
R8d3 Qe6 41. Rd7 e4 42. Qf2 Qf5 43. Qd2 Qf3+ 44. Kg1 Bc3 45. Qf2 Bb2 46. Rf1
Qxf2+ 47. Rxf2 f5 48. Rxb2 Rc3 49. Bh6 e3 50. Re2 Rxa3 51. Kg2 b4 52. Rc2 Rc3
53. Rxc3 bxc3 54. Kf1 Rc8 55. Ke2 c2 56. Bxe3 c1=Q 57. Bxc1 Rxc1 58. Ke3 g5 59.
Ra7 Rh1 60. Kd4 Re1 61. Rxa6 Kg7 62. Kd3 f4 63. h4 f3 64. Ra2 g4 65. Ra4 h5 66.
Ra7+ Kf6 67. Ra6+ Re6 68. Ra2 g3 69. Ra4 g2 70. Rf4+ Kg6 0-1

[Event "Open Semana Santa 2023"]
[Site "?"]
[Date "2023.04.07"]
[Round "4.182"]
[White "Zotes Flecha, Luis"]
[Black "Palomo Fernandez, Lorenzo"]
[Result "0-1"]
[WhiteElo "1737"]
[BlackElo "1405"]
[PlyCount "70"]

1. c4 Nf6 2. Nc3 g6 3. e4 d6 4. d3 Bg7 5. Be2 Nc6 6. f4 e5 7. Nf3 Bg4 8. O-O
Qd7 9. a4 Nh5 10. f5 gxf5 11. exf5 Nf6 12. Nh4 h5 13. Be3 Bh6 14. Bxh6 Rxh6 15.
Qd2 Rh7 16. Qg5 Bxe2 17. Nxe2 Qd8 18. Ng3 Kd7 19. h3 Qg8 20. Qxg8 Rxg8 21. Ne4
Nxe4 22. dxe4 Rhg7 23. Rf2 Rg3 24. Rf3 Nd4 25. Rxg3 Rxg3 26. Kf2 Rb3 27. Rb1
Kc6 28. Ng6 fxg6 29. fxg6 Ne6 30. g4 h4 31. Rf1 Rxh3 32. Ke1 Re3+ 33. Kd2 Rxe4
34. Rf6 Rxg4 35. Rxe6 h3 0-1

[Event "Open Semana Santa 2023"]
[Site "?"]
[Date "2023.04.07"]
[Round "4.183"]
[White "Garcia Fuentes, Jorge"]
[Black "Alvarez Poves, Jesus"]
[Result "1/2-1/2"]
[WhiteElo "1412"]
[BlackElo "1735"]
[PlyCount "55"]

1. e4 d6 2. d4 Nf6 3. Nc3 g6 4. Nf3 Bg7 5. Bc4 O-O 6. h3 Nxe4 7. Nxe4 d5 8. Bd3
dxe4 9. Bxe4 Nd7 10. c3 c5 11. O-O cxd4 12. Nxd4 Nc5 13. Bc2 a6 14. Be3 Qc7 15.
Qf3 b6 16. Rad1 Bb7 17. Qe2 e5 18. Nf3 Kh8 19. Rfe1 Rae8 20. Qc4 Rc8 21. b4 Ne6
22. Qxc7 Rxc7 23. Bxb6 Rxc3 24. Bb3 Bxf3 25. gxf3 Rxf3 26. Kg2 Rc3 27. Bxe6
fxe6 28. Rd8 1/2-1/2

[Event "Open Semana Santa 2023"]
[Site "?"]
[Date "2023.04.07"]
[Round "4.184"]
[White "Vallina Menendez, Marcos"]
[Black "Garcia Vives, Joan"]
[Result "0-1"]
[WhiteElo "1377"]
[BlackElo "1731"]
[Annotator "Usuario"]
[PlyCount "80"]

1. e4 c5 2. Nf3 e6 3. d4 cxd4 4. Nxd4 a6 5. Nc3 Qc7 6. Be3 Bb4 7. Qd3 Nf6 8. f3
d5 9. Be2 e5 10. Ndb5 Bxc3+ 11. Nxc3 d4 12. Bxd4 exd4 13. Qxd4 Nc6 14. Qe3 O-O
15. O-O Rd8 16. f4 Bg4 17. e5 Bxe2 18. exf6 $11 Bxf1 19. Qg3 g6 20. Qg5 Qd6 21.
Rxf1 Qd4+ 22. Kh1 Rd6 23. h4 Qxf6 24. Qh6 g5 25. Qh5 Qh6 26. Qf3 Qxh4+ 27. Kg1
Qxf4 28. Qh5 Qd4+ 29. Rf2 Qg7 30. Ne4 Qg6 31. Qf3 g4 32. Qe2 Re6 33. Rf4 f5 34.
Qc4 Qf7 35. Qe2 Rxe4 36. Rxe4 fxe4 37. Qxg4+ Qg6 38. Qd7 Qg7 39. Qd5+ Kh8 40.
Qxe4 Qd4+ 0-1

[Event "Open Semana Santa 2023"]
[Site "?"]
[Date "2023.04.07"]
[Round "4.185"]
[White "Saez Pascual, Javier"]
[Black "Molina Ortega, Carlos"]
[Result "0-1"]
[WhiteElo "1359"]
[BlackElo "1718"]
[PlyCount "88"]

1. d4 g6 2. Nf3 Bg7 3. Bf4 Nf6 4. e3 O-O 5. Be2 d6 6. h3 Nc6 7. O-O Nd7 8. c4
e5 9. Bh2 Qe7 10. Nc3 Qd8 11. a3 a5 12. Rc1 f5 13. Nb5 Na7 14. c5 Nxb5 15. Bxb5
c6 16. Ba4 e4 17. Ne1 d5 18. b4 Nf6 19. b5 Bd7 20. bxc6 bxc6 21. Rb1 Nh5 22.
Bd6 Re8 23. Rb6 Qc8 24. f3 exf3 25. Qxf3 Nf6 26. Rf2 Ne4 27. Rc2 Ra6 28. Rb8
Qxb8 29. Bxb8 Rxb8 30. Nd3 Rb1+ 31. Rc1 Rb7 32. Kh2 Bh6 33. Qe2 Ra8 34. Ne5 Be8
35. Bxc6 Bxc6 36. Nxc6 Re8 37. Ne5 Rb3 38. Qa2 a4 39. c6 Bxe3 40. Rc2 Bf4+ 41.
Kg1 Reb8 42. g3 Rxg3+ 43. Rg2 Rgb3 44. Nd7 Rb1+ 0-1

[Event "Open Semana Santa 2023"]
[Site "?"]
[Date "2023.04.07"]
[Round "4.186"]
[White "Debbeler, Adrian"]
[Black "Harutian, Arthur William"]
[Result "0-1"]
[WhiteElo "1709"]
[BlackElo "1376"]
[PlyCount "158"]
[EventDate "2023.??.??"]

1. d4 Nf6 2. Nf3 g6 3. c4 Bg7 4. Nc3 d5 5. Bg5 Ne4 6. Bh4 Nxc3 7. bxc3 O-O 8.
e3 c5 9. Be2 dxc4 10. Bxc4 Qa5 11. Qd2 Nc6 12. Rc1 Bg4 13. Bd5 cxd4 14. Bxc6
dxe3 15. Qxe3 bxc6 16. O-O Qxa2 17. Qxe7 Bxf3 18. gxf3 Qc4 19. Rfe1 a5 20. Re4
Qd5 21. c4 Qf5 22. Kg2 a4 23. Qa3 Rfb8 24. Rce1 Bf6 25. Bxf6 Qxf6 26. R1e3 Kg7
27. c5 Qb2 28. Qxb2+ Rxb2 29. Ra3 Rc2 30. Raxa4 Rxa4 31. Rxa4 Rxc5 32. Kg3 g5
33. f4 h6 34. fxg5 hxg5 35. h4 Kg6 36. hxg5 Kxg5 37. Kf3 Kf5 38. Rf4+ Ke6 39.
Ke3 f5 40. Kd3 Ke5 41. Ra4 f4 42. f3 Kf5 43. Ra8 Re5 44. Rf8+ Kg5 45. Rg8+ Kh6
46. Rh8+ Kg6 47. Rf8 Re3+ 48. Kd4 Rxf3 49. Ke4 Re3+ 50. Kxf4 Re6 51. Rc8 Kf6
52. Rc7 Rd6 53. Ke4 Ke6 54. Rh7 Rd5 55. Rh8 Kd7 56. Rh7+ Kd6 57. Rh8 Kc5 58.
Rc8 Kb5 59. Rb8+ Kc4 60. Ra8 Rd4+ 61. Ke3 c5 62. Ra4+ Kc3 63. Ra3+ Kb4 64. Ra8
Rd7 65. Rb8+ Kc3 66. Rb1 c4 67. Rc1+ Kb3 68. Rb1+ Kc2 69. Rh1 c3 70. Rh8 Kc1
71. Rb8 c2 72. Ke2 Re7+ 73. Kf2 Re4 74. Kf3 Rd4 75. Ke2 Ra4 76. Ke1 Re4+ 77.
Kf2 Kd2 78. Rd8+ Kc3 79. Kf3 Rc4 0-1

[Event "Open Semana Santa 2023"]
[Site "?"]
[Date "2023.04.07"]
[Round "4.187"]
[White "Palacios Sanchez, Victor"]
[Black "Xia, Zhe"]
[Result "1-0"]
[WhiteElo "1704"]
[BlackElo "1366"]
[PlyCount "95"]
[EventDate "2023.??.??"]

1. c4 e5 2. g3 Bc5 3. Bg2 d6 4. Nc3 Nf6 5. e3 Nc6 6. Nge2 O-O 7. O-O Bf5 8. a3
a5 9. d4 exd4 10. Nxd4 Bxd4 11. exd4 Qd7 12. Bg5 Ng4 13. Nd5 h6 14. Bf4 Ne7 15.
Nxe7+ Qxe7 16. Bxb7 Rab8 17. Bf3 Nf6 18. Re1 Qd7 19. Qd2 Bg4 20. Bg2 Bh3 21.
Bh1 Qf5 22. Re7 g5 23. Be3 c5 24. dxc5 dxc5 25. Qc3 Rb6 26. Re5 Qg4 27. Bxc5
Nd7 28. Bf3 Qxf3 29. Qxf3 Nxe5 30. Qc3 Re6 31. Bxf8 Kxf8 32. f4 Ng4 33. Qh8+
Ke7 34. Rd1 Re2 35. Qd8+ Ke6 36. Qe8+ Kf6 37. Qxe2 gxf4 38. gxf4 Kg6 39. Qd3+
f5 40. Qxh3 Kf7 41. b4 axb4 42. axb4 Nf6 43. Qxf5 Kg7 44. b5 h5 45. b6 Ng4 46.
Rd7+ Kg8 47. Qg6+ Kf8 48. Qf7# 1-0

[Event "Open Semana Santa 2023"]
[Site "?"]
[Date "2023.04.07"]
[Round "4.188"]
[White "Pacios Elola, Daniel Antonio"]
[Black "Xia, Yan"]
[Result "1/2-1/2"]
[WhiteElo "1700"]
[BlackElo "1119"]
[PlyCount "83"]

1. e4 e5 2. Nf3 Nc6 3. Bc4 Nf6 4. d3 Bc5 5. O-O h6 6. a4 d6 7. c3 a5 8. h3 Bb6
9. Re1 Be6 10. Nbd2 O-O 11. Bb3 Qd7 12. Bxe6 fxe6 13. Nf1 Rf7 14. Be3 Ra6 15.
Ng3 Qe7 16. d4 exd4 17. Nxd4 e5 18. Ndf5 Qf8 19. Qd2 Kh7 20. f3 Bxe3+ 21. Qxe3
g6 22. Nh4 Nh5 23. Nxh5 gxh5 24. Nf5 Ra8 25. Red1 Re8 26. Rab1 Re6 27. Qd3 Rg6
28. Rf1 Ne7 29. Nxe7 Qxe7 30. Qd2 Qh4 31. Kh1 Rfg7 32. Qf2 Qf4 33. Rg1 c6 34.
b4 axb4 35. Rxb4 h4 36. Qb2 Qf7 37. Qf2 Rg3 38. Qa7 Rxh3+ 39. gxh3 Qxf3+ 40.
Kh2 Qf4+ 41. Kh1 Qf3+ 42. Kh2 1/2-1/2

[Event "Open Semana Santa 2023"]
[Site "?"]
[Date "2023.04.07"]
[Round "4.189"]
[White "Stalhandske, Julien"]
[Black "Bethencourt Hernandez, Alberto I"]
[Result "1-0"]
[WhiteElo "1699"]
[BlackElo "1091"]
[PlyCount "71"]

1. d4 Nf6 2. c4 g6 3. Nc3 Bg7 4. e4 d6 5. Nf3 e5 6. dxe5 Ng4 7. exd6 c6 8. h3
Ne5 9. Bf4 Nbd7 10. Nxe5 Nxe5 11. Qd2 Bd7 12. O-O-O O-O 13. Bh6 f6 14. Bxg7
Kxg7 15. Bd3 Rc8 16. f4 Nxd3+ 17. Qxd3 a6 18. Rhe1 b5 19. c5 a5 20. g4 a4 21.
Qg3 Qa5 22. e5 b4 23. Ne4 f5 24. gxf5 Bxf5 25. Qf2 Rb8 26. Ng3 Rb5 27. Nxf5+
Rxf5 28. d7 Rxc5+ 29. Kb1 Rd5 30. e6 Qd8 31. Rxd5 Rxd5 32. Qe2 Qe7 33. Rd1 b3
34. Rxd5 cxd5 35. Qe5+ Kg8 36. Qxd5 1-0

[Event "Open Semana Santa 2023"]
[Site "?"]
[Date "2023.04.07"]
[Round "4.190"]
[White "Tamiolakis, Grigorios"]
[Black "Groapa, Aurelian"]
[Result "1/2-1/2"]
[WhiteElo "1272"]
[BlackElo "1692"]
[PlyCount "127"]

1. e4 e5 2. Nf3 Nf6 3. Nc3 Nc6 4. d4 exd4 5. Nxd4 Nxd4 6. Qxd4 d6 7. Bg5 Be7 8.
O-O-O Be6 9. e5 dxe5 10. Qxe5 Bd6 11. Bb5+ Kf8 12. Bxf6 Qxf6 13. Qxf6 gxf6 14.
Ne4 Bf4+ 15. Kb1 c6 16. Ba4 Rg8 17. Nxf6 Rxg2 18. Rhg1 Rxg1 19. Rxg1 Ke7 20.
Nxh7 Rh8 21. Ng5 Bxg5 22. Rxg5 Rxh2 23. Rg1 Rxf2 24. Re1 Kd6 25. Bb3 Bxb3 26.
cxb3 f5 27. Kc1 a5 28. Rd1+ Kc5 29. Rd7 b5 30. Ra7 Kb6 31. Rf7 f4 32. Rf5 f3
33. a3 Kc7 34. Rf6 Kd7 35. b4 axb4 36. axb4 Rf1+ 37. Kc2 f2 38. Rf3 Kd6 39.
Rf6+ Kd5 40. Rf5+ Kd4 41. Rf8 Kd5 42. Rf5+ Kd4 43. Rf8 Re1 44. Rxf2 Re3 45.
Rf4+ Re4 46. Rxe4+ Kxe4 47. b3 Ke3 48. Kc3 Ke4 49. Kc2 Kd4 50. Kd2 Ke4 51. Ke2
Kd4 52. Kd2 c5 53. bxc5 Kxc5 54. Kc2 Kd4 55. b4 Kc4 56. Kb1 Kb3 57. Kc1 Kxb4
58. Kb2 Kc4 59. Kc2 b4 60. Kb2 b3 61. Kb1 Kb4 62. Kb2 Kc4 63. Kb1 Kc3 64. Kc1
1/2-1/2

[Event "Open Semana Santa 2023"]
[Site "?"]
[Date "2023.04.07"]
[Round "4.193"]
[White "Ortega Moya, Juan Francisco"]
[Black "Soler Nadal, Jose Antonio"]
[Result "1/2-1/2"]
[WhiteElo "1271"]
[BlackElo "1677"]
[PlyCount "116"]
[EventDate "2023.??.??"]

1. d4 f5 2. Bf4 Nf6 3. Nf3 e6 4. e3 d5 5. Nbd2 c6 6. Bd3 Be7 7. c4 O-O 8. c5 b6
9. b4 Ne4 10. Rc1 b5 11. Bb1 Nd7 12. h4 Ndf6 13. Ne5 Bb7 14. Nb3 Nd7 15. Nxd7
Qxd7 16. Bxe4 fxe4 17. Qg4 Bf6 18. h5 Qe8 19. h6 g6 20. Qg3 Bh8 21. Be5 Bxe5
22. Qxe5 Qf7 23. Rf1 Qf6 24. f4 exf3 25. Rxf3 Qxe5 26. dxe5 Rxf3 27. gxf3 Rf8
28. Ke2 Rf5 29. f4 Rh5 30. Nd4 Kf7 31. Nf3 Rxh6 32. Kf2 Bc8 33. Kg2 Bd7 34. Rh1
Rxh1 35. Kxh1 h6 36. Kg2 g5 37. fxg5 hxg5 38. Nxg5+ Kg6 39. Nf3 Kf5 40. Kf2 Ke4
41. Ke2 Be8 42. Kf2 Kd3 43. Nd4 Bd7 44. Kf3 Kc3 45. a3 Kb2 46. Kf4 Kxa3 47. Kg5
Kxb4 48. Kf6 a5 49. Ke7 a4 50. Kxd7 Kc3 51. Nxb5+ cxb5 52. c6 a3 53. c7 a2 54.
c8=Q+ Kb2 55. Qa6 a1=Q 56. Qxb5+ Kc3 57. Qc5+ Kb3 58. Qb5+ Kc3 1/2-1/2

[Event "Open Semana Santa 2023"]
[Site "?"]
[Date "2023.04.07"]
[Round "4.194"]
[White "Martinez Egea, Gabriel"]
[Black "Mata Medina, Andres"]
[Result "0-1"]
[WhiteElo "1234"]
[BlackElo "1673"]
[PlyCount "88"]

1. e4 c5 2. Nf3 d6 3. c3 Nf6 4. a3 Nc6 5. d3 e6 6. Be3 Be7 7. Nbd2 Ng4 8. h3
Nxe3 9. fxe3 Bh4+ 10. Nxh4 Qxh4+ 11. Ke2 d5 12. Nf3 Qg3 13. Qe1 Qc7 14. exd5
exd5 15. g4 O-O 16. Qh4 d4 17. e4 Qf4 18. Qf2 dxc3 19. bxc3 c4 20. Qe3 cxd3+
21. Qxd3 Re8 22. Nd2 b6 23. Bg2 Ne5 24. Qe3 Ba6+ 25. c4 Qxe3+ 26. Kxe3 Nxc4+
27. Nxc4 Bxc4 28. Rac1 b5 29. Kf4 f6 30. h4 Rad8 31. Rhe1 Rd2 32. Bf1 Bxf1 33.
Rxf1 Re2 34. Rfe1 R8xe4+ 35. Kf3 Rxe1 36. Rc3 R1e3+ 37. Rxe3 Rxe3+ 38. Kxe3 Kf7
39. h5 g6 40. hxg6+ Kxg6 41. Kf4 a5 42. g5 fxg5+ 43. Kg4 b4 44. axb4 axb4 0-1

[Event "Open Semana Santa 2023"]
[Site "?"]
[Date "2023.04.07"]
[Round "4.198"]
[White "Lirola Gimeno, Manuel Jaime"]
[Black "Kocharyan Baghdasaryan, Arman"]
[Result "0-1"]
[WhiteElo "1407"]
[BlackElo "1881"]
[PlyCount "84"]

1. e4 e6 2. d4 d5 3. Nc3 Nf6 4. Bg5 dxe4 5. Nxe4 Be7 6. Nxf6+ Bxf6 7. Bxf6 Qxf6
8. Nf3 Nd7 9. Bd3 O-O 10. Qe2 c5 11. Qe4 g6 12. c3 Rb8 13. Bc2 b6 14. O-O-O Bb7
15. Qd3 Rfd8 16. Ne1 b5 17. f3 b4 18. Qc4 Bd5 19. Qd3 bxc3 20. Qxc3 cxd4 21.
Rxd4 Rdc8 22. Qd2 Ne5 23. Nd3 Nc4 24. Qf2 Qe7 25. Re1 Qb7 26. b3 Na3 27. Re2
Nb5 28. Rb4 a5 29. Rxb5 Qxb5 30. Ne5 Rb7 31. Rd2 Rbc7 32. Ng4 f5 33. Nf6+ Kf7
34. Nxh7 e5 35. Ng5+ Kg8 36. Qg3 Bxb3 37. axb3 Qxb3 38. Qf2 Qa3+ 39. Kb1 Rb7+
40. Qb6 Rxb6+ 41. Bb3+ Rxb3+ 42. Rb2 Rxb2# 0-1

[Event "Open Semana Santa 2023"]
[Site "?"]
[Date "2023.04.07"]
[Round "4.199"]
[White "Domenech Sanz, Vicente"]
[Black "Benet Saniger, Xavier"]
[Result "0-1"]
[WhiteElo "1403"]
[BlackElo "1682"]
[PlyCount "102"]
[EventDate "2023.??.??"]

1. e4 e6 2. Nc3 d5 3. exd5 exd5 4. Bb5+ c6 5. Ba4 Bd6 6. a3 Qg5 7. Qe2+ Ne7 8.
Nf3 Qh5 9. d4 O-O 10. Be3 b5 11. Bb3 a5 12. O-O-O b4 13. axb4 axb4 14. Na4 Ba6
15. Qe1 Nd7 16. Nc5 Bxc5 17. dxc5 Nf5 18. Qxb4 Nxe3 19. fxe3 Be2 20. Rde1 Bxf3
21. gxf3 Ne5 22. Ba4 Rfb8 23. Qf4 Nxf3 24. Ref1 Ne5 25. Rhg1 Nc4 26. b3 Rf8 27.
bxc4 Rxa4 28. Rxg7+ Kxg7 29. Qf6+ Kg8 30. Rg1+ Qg6 31. Rxg6+ hxg6 32. cxd5 cxd5
33. Qe5 Rc8 34. Qxd5 Ra5 35. Kd2 Raxc5 36. Qb3 Rh5 37. c4 Rxh2+ 38. Kc3 Rh4 39.
Qb5 Rhxc4+ 40. Qxc4 Rxc4+ 41. Kxc4 Kg7 42. Kd4 Kf6 43. Ke4 Kg5 44. Kf3 Kh4 45.
e4 f6 46. Kf4 Kh5 47. Kf3 g5 48. Kg3 g4 49. Kf4 Kh4 50. Kf5 g3 51. Kxf6 g2 0-1

[Event "Open Semana Santa 2023"]
[Site "?"]
[Date "2023.04.07"]
[Round "4.200"]
[White "Ferrete Rueda, Juan Carlos"]
[Black "Soto Fernandez, Diego"]
[Result "0-1"]
[WhiteElo "1620"]
[BlackElo "1416"]
[PlyCount "72"]

1. e4 e6 2. d4 d5 3. Nd2 dxe4 4. Nxe4 Bd7 5. Nf3 Bc6 6. Bd3 Nd7 7. O-O Be7 8.
Qe2 Ngf6 9. Nxf6+ Bxf6 10. c3 O-O 11. Bf4 Bxf3 12. Qxf3 c6 13. Rfe1 g6 14. Re2
Bg7 15. g3 Re8 16. Rae1 Qa5 17. Bc4 Rac8 18. g4 b5 19. Bb3 Qb6 20. h4 c5 21.
dxc5 Qxc5 22. h5 b4 23. hxg6 hxg6 24. cxb4 Qxb4 25. Bd2 Ne5 26. Qe4 Qxe4 27.
Rxe4 Nf3+ 28. Kg2 Nxd2 29. Ba4 Nxe4 30. Bxe8 Rxe8 31. Rxe4 Bxb2 32. Ra4 Ra8 33.
f4 a5 34. Rc4 Ba3 35. Kf3 Rb8 36. Ke4 Rb4 0-1

[Event "Open Semana Santa 2023"]
[Site "?"]
[Date "2023.04.07"]
[Round "4.201"]
[White "Piris Ferrandis, Asier"]
[Black "Perez Luna, Alfredo"]
[Result "0-1"]
[WhiteElo "1603"]
[BlackElo "1328"]
[PlyCount "54"]

1. e4 c5 2. Nf3 Nc6 3. Bb5 a6 4. Bxc6 bxc6 5. O-O d6 6. e5 d5 7. c3 Bf5 8. d4
c4 9. b3 cxb3 10. axb3 e6 11. b4 h6 12. Nbd2 Ne7 13. Re1 Ng6 14. Nf1 Be7 15.
Ng3 Bg4 16. h3 Bxf3 17. Qxf3 Bg5 18. Bxg5 Qxg5 19. Ra2 O-O 20. Rea1 f5 21. Qe3
f4 22. h4 Nxh4 23. Qd3 fxg3 24. fxg3 Nf5 25. Rxa6 Rxa6 26. Rxa6 Nxg3 27. Rxc6
Qh4 0-1

[Event "Open Semana Santa 2023"]
[Site "?"]
[Date "2023.04.07"]
[Round "4.202"]
[White "Roche Fraile, Carlos"]
[Black "Garcia Perez, Sergio"]
[Result "1/2-1/2"]
[WhiteElo "1593"]
[BlackElo "1288"]
[Annotator "Usuario"]
[PlyCount "89"]

1. e4 c5 2. c3 Nf6 3. e5 Nd5 4. d4 cxd4 5. cxd4 d6 6. f4 Nc6 7. Nf3 Bg4 8. Be2
e6 9. O-O Be7 10. Nc3 a6 11. Nxd5 exd5 12. Qb3 Bxf3 13. Bxf3 Nxd4 14. Qa4+ Nc6
15. Bxd5 Qb6+ 16. Kh1 O-O 17. Bxc6 Qxc6 18. Qxc6 bxc6 19. exd6 Bxd6 20. Bd2
Rab8 21. b3 Rfe8 22. Rfe1 f6 23. g3 Kf7 24. Kg2 Rxe1 25. Rxe1 Re8 26. Rxe8 Kxe8
27. f5 Ke7 28. Kf3 g6 29. Ke4 Be5 30. Bb4+ Bd6 31. Bxd6+ Kxd6 32. fxg6 hxg6 33.
g4 g5 34. Kf5 Ke7 35. Ke4 Ke6 36. Kd4 Kd6 37. a3 c5+ 38. Ke4 a5 39. a4 Ke6 40.
h3 Kd6 41. Kf5 Ke7 42. Kg6 $11 Ke6 43. Kg7 Ke5 44. Kg6 Ke6 45. Kg7 1/2-1/2

[Event "Open Semana Santa 2023"]
[Site "?"]
[Date "2023.04.07"]
[Round "4.203"]
[White "Segarra Victorio, Israel"]
[Black "Petrashko, Vladyslav"]
[Result "1/2-1/2"]
[WhiteElo "1586"]
[BlackElo "1290"]
[PlyCount "97"]

1. e4 e5 2. Nf3 Nc6 3. Bb5 Nf6 4. O-O d6 5. d3 Be7 6. c3 O-O 7. h3 Bd7 8. Re1
a6 9. Ba4 Na7 10. Bxd7 Qxd7 11. Nbd2 Nc6 12. Nf1 d5 13. exd5 Nxd5 14. d4 exd4
15. Nxd4 Bc5 16. Nb3 Bd6 17. c4 Nf6 18. Bg5 Bb4 19. Bxf6 Qxd1 20. Rexd1 gxf6
21. Ne3 Ne5 22. c5 a5 23. a3 a4 24. axb4 axb3 25. f4 Rxa1 26. Rxa1 Nd3 27. Ra3
Nxf4 28. Rxb3 Ne2+ 29. Kf2 Nd4 30. Rd3 Nb5 31. Nd5 Ra8 32. Nxf6+ Kg7 33. Nh5+
Kh6 34. Nf4 Ra4 35. Rd5 Rxb4 36. Rh5+ Kg7 37. Nd3 Rb3 38. Ke3 b6 39. cxb6 cxb6
40. Rh4 Nd6 41. Rb4 Rxb4 42. Nxb4 Nc4+ 43. Kd4 Nxb2 44. Nd5 b5 45. Kc5 Nd3+ 46.
Kxb5 Ne1 47. Ne3 Kg6 48. Kc4 Kg5 49. g3 1/2-1/2

[Event "Open Semana Santa 2023"]
[Site "?"]
[Date "2023.04.07"]
[Round "4.204"]
[White "Puig Perez, Jordi"]
[Black "Nunez De Arenas Navarro, Agnes"]
[Result "1-0"]
[WhiteElo "1566"]
[BlackElo "1245"]
[PlyCount "135"]

1. c4 c6 2. g3 d5 3. cxd5 cxd5 4. Bg2 Nf6 5. Nf3 e6 6. d4 Be7 7. Nc3 O-O 8. O-O
a6 9. Qc2 b5 10. a3 Bb7 11. Re1 Nbd7 12. Bf4 Nb6 13. Ne5 Rc8 14. Qd2 Re8 15.
Rac1 h6 16. h4 Nc4 17. Nxc4 bxc4 18. e4 dxe4 19. Nxe4 Nxe4 20. Bxe4 Bxe4 21.
Rxe4 Bf6 22. Bxh6 Qd7 23. Bg5 Bxg5 24. Qxg5 Qd5 25. Rg4 Qxg5 26. Rxg5 Red8 27.
Rc5 Rb8 28. R1xc4 Rxb2 29. Rc8 Rxc8 30. Rxc8+ Kh7 31. Rc6 Rd2 32. Rxa6 Rxd4 33.
a4 Rd3 34. Ra7 Kg6 35. Kg2 Ra3 36. a5 Kf6 37. g4 g6 38. a6 Kg7 39. f3 Kf6 40.
Kg3 Ra4 41. Ra8 Kg7 42. a7 Kf6 43. h5 Kg7 44. h6+ Kh7 45. Kh4 f6 46. Re8 g5+
47. Kg3 Rxa7 48. Rxe6 Kxh6 49. Rxf6+ Kg7 50. Rf5 Kg6 51. Rf8 Ra5 52. Kf2 Kg7
53. Rd8 Kg6 54. Ke3 Ra3+ 55. Ke4 Ra5 56. Rd6+ Kf7 57. Rd5 Ra4+ 58. Kf5 Rf4+ 59.
Kxg5 Rxf3 60. Rf5+ Rxf5+ 61. Kxf5 Kg7 62. Kg5 Kh7 63. Kf6 Kh8 64. Kf7 Kh7 65.
g5 Kh8 66. Kf6 Kg8 67. Kg6 Kh8 68. Kf7 1-0

[Event "Open Semana Santa 2023"]
[Site "?"]
[Date "2023.04.07"]
[Round "4.205"]
[White "Bethencourt Hernandez, Valeria"]
[Black "Martinez Silva, Gabriel"]
[Result "1-0"]
[WhiteElo "1564"]
[BlackElo "1232"]
[PlyCount "121"]

1. e4 e6 2. d4 d5 3. Nc3 Nf6 4. Bg5 Be7 5. e5 Nfd7 6. h4 h6 7. Qh5 g6 8. Bxe7
Qxe7 9. Qg4 c5 10. Nb5 Kd8 11. O-O-O cxd4 12. Qxd4 Nc6 13. Qc3 a6 14. Nd4 Qc5
15. Nxc6+ Qxc6 16. Qf3 Rf8 17. Qf4 Qc5 18. Nf3 Qxf2 19. Qxh6 Qc5 20. h5 Rg8 21.
Qg5+ Qe7 22. hxg6 fxg6 23. Re1 Qxg5+ 24. Nxg5 Nf8 25. Be2 Ke7 26. Bg4 Rg7 27.
Ref1 Bd7 28. Rf6 Rc8 29. Rh8 Rc4 30. Bh3 Rc8 31. Kd2 b5 32. b4 Rb8 33. Bxe6
Nxe6 34. Nxe6 Rxh8 35. Nxg7 Rh7 36. Rxg6 Kf7 37. Rd6 Bc8 38. Nf5 Bxf5 39. Rf6+
Ke7 40. Rxf5 Ke6 41. Rf6+ Kxe5 42. Rxa6 Kd4 43. c3+ Ke4 44. a4 bxa4 45. Rxa4
Rh2 46. b5+ Ke5 47. Rg4 Kd6 48. Rg6+ Kc7 49. Kd3 Rh4 50. g3 Rc4 51. Rc6+ Rxc6
52. bxc6 Kxc6 53. Kd4 Kd6 54. g4 Ke6 55. g5 Kf5 56. Kxd5 Kxg5 57. Kd6 Kf6 58.
c4 Kf7 59. Kd7 Kf6 60. c5 Ke5 61. c6 1-0